000
00297 a2200133 4500
001
90828
082
_a
660.2 BHA
090
_c
43000
_d
43000
100
_a
S.H.Bhatia
245
_a
Engineering Chemistry
250
_a
First
260
_a
India
_b
CBS publishers
_c
2001
300
_a
880p,xxiv
942
_a
CAE NUST
_c
TXT
_k
660.2 BHA
999
_c
325901
_d
325901